Bách khoa sinh lý nữ giới 400 câu hỏi nữ giới cần biết

Kaydedildi:
Detaylı Bibliyografya
Yazar: Vương Vận Khải
Materyal Türü: Kitap
Dil:Undetermined
Baskı/Yayın Bilgisi: Hà Nội Y Học 2001
Konular:
Etiketler: Etiketle
Etiket eklenmemiş, İlk siz ekleyin!
Thư viện lưu trữ: Trung tâm Học liệu Trường Đại học Cần Thơ
LEADER 00596nam a2200181Ia 4500
001 CTU_46940
008 210402s9999 xx 000 0 und d
082 |a 613.04244 
082 |b Kh103 
100 |a Vương Vận Khải 
245 0 |a Bách khoa sinh lý nữ giới 
245 0 |b 400 câu hỏi nữ giới cần biết 
245 0 |c Vương Vận Khải; Dịch giả: Quang Ninh 
260 |a Hà Nội 
260 |b Y Học 
260 |c 2001 
650 |a primary health care,women - health and hygiene 
980 |a Trung tâm Học liệu Trường Đại học Cần Thơ